000 00558nam a22002297a 4500
001 87814
003 UA-OsUOA
005 20211108224803.0
007 ta
008 20120925b un ||||| |||| 00| 0 ukr d
040 _aUA-OsUOA
_brus
_cUA-OsUOA
_dUA-OsUOA
041 _arus
080 _a94(47+57)
090 _a94(47+57)
_bТ41
100 _aТимофеев Е. Д.
245 _aСтепан Вострецов
260 _aМ.
_bВоениздат
_c1966
300 _a166 с.
650 7 _a94 Історія
_2UDC
942 _cBK
_2udc
955 _a4
999 _c374120
_d374120